000 00458nam a22001697a 4500
999 _c1176
_d1176
005 20211005102049.0
008 160520b xxu||||| |||| 00| 0 eng d
020 _a81-85099-14-6
041 _aeng
082 _b3433
100 _aChoudhury skh & choudhury akh T Roy N
_9859
245 _aElements workshop technology Manufacturing process
260 _bMedia promotion & Pub.
_c2011
300 _a670
650 _aDIPLOMA ENGINEERING
_9817
942 _cBK